Ngữ âm học tiếng Thái
Đã lưu trong:
| Định dạng: | Sách |
|---|---|
| Ngôn ngữ: | Thai |
| Được phát hành: |
2005
|
| Những chủ đề: | |
| Các nhãn: |
Thêm thẻ
Không có thẻ, Là người đầu tiên thẻ bản ghi này!
|
| Thư viện lưu trữ: | Mạng thư viện Đại học Đà Nẵng |
|---|
| LEADER | 01026nam a22003131a 4500 | ||
|---|---|---|---|
| 001 | 000041030 | ||
| 003 | 17326 | ||
| 005 | 20160417000000.0 | ||
| 008 | 160417s2005 000 tha | ||
| 041 | |a tha | ||
| 082 | |a 495.91 |b NG-Â | ||
| 245 | |a Ngữ âm học tiếng Thái | ||
| 260 | |c 2005 | ||
| 300 | |a 274tr. : mh ; 30cm | ||
| 650 | |a Ngữ âm học tiếng Thái, Ngữ âm học, ระบบเสียงภาษาไทย. | ||
| 852 | |b Chuyên đề |c Giáo trình | ||
| OWN | |a LNN | ||
| AVA | |a UDN50 |b LNN |d 495.91 NG-Â |e available |t Error 5001 Not defined in file expand_doc_bib_avail. |f 1 |g 0 |h N |i 0 |k 1 | ||
| 999 | |a From the UDN01 | ||
| AVA | |a UDN50 |b LNN |d 495.91 NG-Â |e available |t Error 5001 Not defined in file expand_doc_bib_avail. |f 1 |g 0 |h N |i 0 |k 1 | ||
| TYP | |a Monograph | ||
| TYP | |a Printed language | ||
| 980 | |a Mạng thư viện Đại học Đà Nẵng | ||